000 01017cpcaa2200277 a 4500
001 mm 79004216
003 DLC
005 20260227111645.0
008 790503|||||||||||| eng
010 _amm 79004216
040 _aDLC
_cDLC
_edacs
_dDLC
072 7 _aC
_2lcmd
100 1 _aElliott, Jesse D.
_q(Jesse Duncan),
_d1782-1845.
245 0 0 _aCertificate issued by Jesse D. Elliott,
_f1813.
300 _a1
_fitem.
506 0 _aOpen to research.
520 8 _aCertificate issued by Elliott for prize money during the War of 1812.
545 0 _aNaval officer.
546 _aCollection material in English.
580 _aForms part of: Miscellaneous Manuscripts collection.
650 0 _aPrizes (Property captured at sea)
651 0 _aUnited States
_xHistory
_yWar of 1812.
656 7 _aNaval officers.
_2itoamc
999 _c41452
_d41452